Turkish Vocab - Statistics

General Stats
  • This quiz has been taken 543 times
    541 since last reset
  • The average score is 13 of 15
Answer Stats
Turkish English % Correct
Merhaba Hello
100%
Bir One/A/An
99%
Türkiye Turkey
98%
Nasılsın How are you?
97%
Iyi Good/Fine
96%
Hoş Geldiniz! Welcome!
94%
Adam Man
93%
Büyük Big
91%
Küçük Small
91%
Nerede Where is/Where are?/Where?
91%
Bu This/It
90%
Araba Car
88%
Yumurta Egg
85%
Pilav/Pirinç Rice
77%
ABD United States
52%
No matching quizzes found
Score Distribution
Percent of People with Each Score
Percentile by Number Answered
Your Score History
You have not taken this quiz since the last reset